Quizzes
Events
Quiz Creation
Community
Videos
Private Events
Remove Ads
Sign In
Join for FREE
Feedback
Dark Mode
Quiz Categories
Sports
Geography
Music
Movies
Television
Just For Fun
Miscellaneous
History
Literature
Language
Science
Gaming
Entertainment
Religion
Holiday
For Kids
Quiz Lab
Recent
Popular Today
Quiz Kudos Today
Editor Picks
Curator Picks
Quizzes by...
Day
Popularity
Type
Ratings
Length
Year
Community
Subscriptions
Recent Discussions
Orange Saloon
Badges
Playlists
Quests
Create
Leaderboards
Showdown
Live 5
Trivia Bingo
Activity
Puzzle Library
Sporcle Events
Private Events
Virtual Trivia
Globe League
Become a Host
Pub Owners
SporcleCon
Opinionation
Our Games
Videos
Blog
Mobile Apps
Partnerships
Remove Ads and Go Orange
Feedback
Sports
Athletes
MLB
NBA
NHL
NFL
Soccer
Sports Teams
WWE
NCAA
Football
Premier League
Basketball
Baseball
Hockey
Golf
Tennis
Cricket
Rugby
Auto Racing
Olympics
World Cup
Sports
Athletes
MLB
NBA
NHL
NFL
Soccer
Sports Teams
WWE
NCAA
Football
Premier League
Basketball
Baseball
Hockey
Golf
Tennis
Cricket
Rugby
Auto Racing
Olympics
World Cup
Random Quiz
Search Sporcle
×
Quiz Lab
Quiz Lab
Sports
Wrestlers
Type in answers that appear in a list
Type in answers that appear in a list
Classic
Best Score? Go Orange.
NXT: Seasons 1-2 Stats
Can you name the Rookies and Pros for NXT: Seasons 1-2?
By
BrianZane
5m
32 Questions
251 Plays
251 Plays
251 Plays
Comments
Comments
Give Quiz Kudos
Give Quiz Kudos
-
- Ratings
hide this ad
Replay
Link that replays current quiz
Next Quiz
Link to next quiz in quiz playlist
You Got
0%
They Got
Avg Score
75%
Avg Friend Score
Upgrade to see
Score Distribution
Jump to the score distribution portion of the page
Score
0/32
Timer
05:00
0
Plays Today
Rookie/Pro/Season
Wrestler
% Correct
Rookie (Season 1)
Daniel Bryan
95.6%
Rookie (Season 1)
Wade Barrett
94.4%
Pro (Season 1)
The Miz
94%
Pro (Season 2)
The Miz
94%
Rookie (Season 1)
Justin Gabriel
91.6%
Rookie (Season 1)
David Otunga
88.4%
Rookie (Season 1)
Heath Slater
88.4%
Rookie (Season 1)
Michael Tarver
87.6%
Pro (Season 1)
Chris Jericho
86.9%
Rookie (Season 1)
Darren Young
86.5%
Rookie (Season 1)
Skip Sheffield
86.5%
Rookie (Season 2)
Kaval
82.1%
Pro (Season 1)
William Regal
80.1%
Pro (Season 2)
Laycool
79.7%
Pro (Season 1)
CM Punk
79.3%
Rookie (Season 2)
Husky Harris
76.9%
Rookie/Pro/Season
Wrestler
% Correct
Pro (Season 1)
R-Truth
74.9%
Pro (Season 1)
Christian
74.9%
Pro (Season 1)
Matt Hardy
73.7%
Rookie (Season 2)
Alex Riley
72.1%
Pro (Season 2)
John Morrison
70.5%
Pro (Season 1)
Carlito
69.7%
Rookie (Season 2)
Michael McGillicutty
67.3%
Pro (Season 2)
Cody Rhodes
66.1%
Pro (Season 2)
MVP
65.3%
Rookie (Season 2)
Eli Cottonwood
64.1%
Pro (Season 2)
Kofi Kingston
63.3%
Rookie (Season 2)
Percy Watson
62.5%
Pro (Season 2)
Mark Henry
59.4%
Rookie (Season 2)
Lucky Cannon
56.2%
Pro (Season 2)
Zack Ryder
50.2%
Rookie (Season 2)
Titus O'Neal
34.7%
Quiz Playlist
Details
Report
Send in Message
Add To Playlist
Classic:
Type in answers that appear in a list
Quiz Source
Last Updated: Feb 16, 2017
Quiz Scoreboard
CHALLENGE
Sign Up to Join the Scoreboard
Show All
Scores
Hide
Comments
May contain spoilers
Recently Published
1-10 Letter E Words III
by El_Dandy
Language
2m
One Thing in Common: World Cities II
by knightlancer
Geography
7m
Popular People in 1961
by mucciniale
History
6m
More to Explore
Quiz From the Vault
Featured Blog Post
Where Did the Easter Bunny Come From?
hide this ad
You Might Also Like...
Tags
1-2
NXT
pro
rookie
season
Wrestlers
Today's Top Quizzes in Sports
Browse Sports
hide this ad
Today's Top Quizzes in Wrestlers
Browse Wrestlers
Top Contributed Quizzes in Sports
1
Les meilleurs buteurs des matchs entre le PSG et l’OM
2
Les entraîneurs de l'OM et du PSG au 21e siècle
3
2022 World Cup Stars
4
FIFA Club World Cup Champions
5
Name the Premier League winners with different clubs
6
La finale Lions - Afrique du Sud 2021
7
Criteria MLB: Left Handed Sluggers
8
Players with Multiple 50 Home Run Seasons
9
MLB Players with Two .350 Batting Average Seasons
10
MLB Hall of Famer by Rings
Explore More
Trending Topics
Kpop
Disney
NBA
Marvel
Crossword
Anime
Harry Potter
The Office
Soccer
NFL
WWE
Puzzle
Pokémon
Song
Country
hide this ad
More By:
BrianZane
Quiz
Plays
Rating
Category
Featured
Created
WWE's Top 50 Superstars of All Time
172,383
3.67
Sports
Nov 14, 2010
WWE Hulk Hogan's PPV Opponents
105,382
4.31
Sports
Nov 4, 2009
Two-Time Best Actor Oscar Winners
34,734
4.29
Movies
Feb 25, 2011
Shortest WWE Championship Reigns
16,222
4.33
Sports
Nov 1, 2009
WCW/ECW/WWF Alliance
15,499
4.03
Sports
Oct 8, 2009
Go to Creator's Profile
Score Distribution
Quiz Creator Spotlight
BrianZane
Follow
Send a Message
Quizzes Created
-
Created Quiz Play Count
-
More By This Creator
Popular Quizzes Today
1
Find the US States - No Outlines Minefield
2
The Countries of the World
3
Find the Countries of Europe - No Outlines Minefield
4
Popular People in 1961
5
1-10 Letter E Words III
6
Find the US States
7
One Thing in Common: World Cities II
8
US States
More Sports Quizzes
NHL Goalies A to Z*
Curator's Pick
Trending Quizzes
Risky Map Clicking: Least Populous States A-Z
1-10 Letter F Words
1-10 Letter G Words
One Thing in Common: United Kingdom
Risky Map Clicking: Next State Alphabetically
Recently Updated
Leaping Animals
pecheneg
Reality TV Shows (A-Z)
bhenderson79
Rickey Henderson's Hall of Fame Teammates
pecheneg
Champions League XIs: Arsenal
pecheneg
Quick Pick: Celebrities in WWE's Hall of Fame
aduchscher
A-Z Keypad Blitz II
pecheneg
Multiple Oscar Actors
pecheneg
Mystery Phrase Blitz: Oscar 'Best Actors'
pecheneg
F. Scott Fitzgerald Novels
LTH
Pick 3 Villains
ddd62291
Trending Topics
Marvel
NBA
Kpop
Anime
Disney
Harry Potter
Crossword
Country
Soccer
Song
WWE
Puzzle
Pokémon
The Office
NFL
Your Account Isn't Verified!
In order to create a playlist on Sporcle, you need to verify the email address you used during registration. Go to your
Sporcle Settings
to finish the process.
Report this User
Report this user for behavior that violates our
Community Guidelines
.
Details:
Send Report
Go to the Sporcle.com Mobile Site →
Comments